| 000 | 01495nam0a2200373 4500 | ||
|---|---|---|---|
| 001 | RU\NLR\bibl\1765111 | ||
| 005 | 20250616125312.0 | ||
| 010 |
_a978-5-462-01106-1 _95000 |
||
| 021 |
_aRU _b2011-27014 _91919 |
||
| 035 | _a(nilc)RSL-KNO-004928705 | ||
| 035 | _a(NLR Aleph) 001755913 | ||
| 090 |
_a1548053 _c1548053 |
||
| 100 | _a20110418d2011 |||y0rusy50 ca | ||
| 101 | 0 | _arus | |
| 102 | _aRU | ||
| 105 | _ay ||||||||| | ||
| 200 | 1 |
_aЧто могут витамины _eпарадоксы правильного питания _fВладимир Спиричев |
|
| 210 |
_aМосква _cАСТ-Пресс _d2011 |
||
| 215 |
_a287 с. _d21 |
||
| 225 | 1 | _aПроект "Наука и мир" | |
| 300 | _aНа 4-й с. обл. авт.: В.Б. Спиричев - засл. деят. науки РФ, д.б.н., проф. | ||
| 606 | 1 |
_aВитамины _jПопулярные издания _xВлияние на организм _9985611 _3RU\NLR\auth\6653399 |
|
| 606 | 1 |
_aВитамины _jПопулярные издания _xПрименение в питании _92205508 _3RU\NLR\auth\661325103 |
|
| 686 |
_aР123.027,0 _2rubbk |
||
| 686 | _aР281.771-2я9 | ||
| 686 | _aР123.027я9 | ||
| 700 | 1 |
_aСпиричев _bВ. Б. _gВладимир Борисович _4070 |
|
| 801 | 0 |
_aRU _bRuMoRKP _c20110418 _grcr |
|
| 801 | 1 |
_aRU _bРГБ _c20110418 |
|
| 801 | 2 |
_aRU _bNLR _c20110429 _grcr |
|
| 830 | _aАвт. по кн. | ||
| 942 | _cBOOK | ||
| 980 | _aNB | ||